| 000 | 02840cam a2200433 i 4500 | ||
|---|---|---|---|
| 001 | 1525851118 | ||
| 003 | OCoLC | ||
| 005 | 20250708114152.0 | ||
| 008 | 250630t20252025nyuj e 000 f eng d | ||
| 010 | _a2024948866 | ||
| 020 |
_a9781538775813 _q(hardcover) _q(standard edition) |
||
| 020 |
_a1538775816 _q(hardcover) _q(standard edition) |
||
| 020 |
_a9781538771228 _q(hardcover) _q(deluxe edition) |
||
| 020 |
_a1538771225 _q(hardcover) _q(deluxe edition) |
||
| 020 |
_a9781538775349 _q(hardcover) _q(B&N deluxe limited signed edition) |
||
| 020 |
_a1538775344 _q(hardcover) _q(B&N deluxe limited signed edition) |
||
| 020 |
_a9781538775851 _q(hardcover) _q(B&N Black Friday deluxe limited signed edition) |
||
| 020 |
_a1538775859 _q(hardcover) _q(B&N Black Friday deluxe limited signed edition) |
||
| 035 | _a(OCoLC)1525851118 | ||
| 040 |
_aON8 _beng _erda _cON8 _dOCLCO _dGO6 _dHEV |
||
| 092 |
_afiction _bSoto, Julie |
||
| 100 | 1 |
_aSoto, Julie, _d1988- _eauthor. _96487722 |
|
| 245 | 1 | 0 |
_aRose in chains / _cJulie Soto. |
| 250 | _aFirst edition. | ||
| 264 | 1 |
_aNew York, NY : _bForever, _c2025. |
|
| 264 | 4 | _c©2025. | |
| 300 |
_a444 pages : _bgenealogical table ; _c24 cm. |
||
| 336 | _atext | ||
| 337 | _aunmediated | ||
| 338 | _avolume | ||
| 490 | 2 |
_aThe evermore trilogy _v1 |
|
| 520 | _a"The war is over, the dark forces have won, and the hero who was supposed to have saved them is dead. The prophecy lied. They were supposed to win this war. Instead, Briony Rosewood watches, shattered and grief-stricken, as her brother is killed, her kingdom falls, and her home is overrun by their enemies. Now Evermore is no more... and Briony is sold at an auction - prized only for her remarkable magic. But defeat isn't nearly as agonizing as being 'sold' to Toven, scion of the powerful and devious Hearst family, because Briony knows Toven all too well from his merciless taunting all through school. Now he's a grown man Briony cannot ignore - silver-haired and impossibly, unfairly, beautiful. And while Toven is most definitely her enemy, he's something else, too. Something unexpected. But in a worls where magic can instantly crush a human heart and even thoughts can be stolen, there can be no such thing as love. Not for Briony. A secret rebellion is brewing, and she nees to find a way to escape her cage and join it. Yet despite the horrors of her new world and the role she must learn to play within it, all is not lost. Help - and hope - may yet arise in the most unlikely of places..." -- Jacket flap. | ||
| 650 | 0 |
_aMagic _vFiction. _95673694 |
|
| 650 | 0 |
_aMan-woman relationships _vFiction. _95674079 |
|
| 650 | 0 |
_aImaginary wars and battles _vFiction. _95673973 |
|
| 655 | 7 |
_aFantasy fiction. _2lcgft. |
|
| 655 | 7 |
_aRomance fiction. _2lcgft. |
|
| 942 |
_2ddc _cBOOK |
||
| 999 |
_c409643 _d409643 |
||